00250pam a2200109 a 4500020000500000041000800005082000800013100002000021245006200041260002800103300000900131 c aeng bBHA aBhatnagar, S.S. aA Class Book Of Pratical Botany Vol- IhTextual Documents aAgra:bRatan Prakashan. a546.